[Event "1st Spring Festival Weekend 2021"]
[Site "Bassano del Grappa"]
[Date "2021.03.13"]
[Round "3.8"]
[White "Ghiotto, Marco Luigi"]
[Black "Brotto, Alessandro"]
[Result "1/2-1/2"]
[WhiteElo "2167"]
[BlackElo "1970"]
[Annotator "NA"]
[PlyCount "116"]
[EventDate "2021.03.12"]
[EventType "swiss"]
[EventCountry "ITA"]
[SourceTitle "playchess.com"]
[Source "ChessBase"]
[SourceQuality "1"]
[TimeControl "5400+30"]

1. e4 {[%emt 0:00:00]} e5 {[%emt 0:00:10]} 2. Nf3 {[%emt 0:00:00]} Nc6 {[%emt 0:00:08]} 3. Bb5 {[%emt 0:00:00]} a6 {[%emt 0:00:11]} 4. Bxc6 {[%emt 0:00:14]} dxc6 {[%emt 0:00:12]} 5. O-O {[%emt 0:00:09]} Bg4 {[%emt 0:01:26]} 6. d3 {[%emt 0:02:53]} Qf6 {[%emt 0:03:25]} 7. Be3 {[%emt 0:01:57]} Bxf3 {[%emt 0:04:42]} 8. Qxf3 {[%emt 0:00:08]} Qxf3 {[%emt 0:01:21]} 9. gxf3 {[%emt 0:00:07]} Nf6 {[%emt 0:02:22]} 10. Nc3 {[%emt 0:03:30]} O-O-O {[%emt 0:04:34]} 11. Ne2 {[%emt 0:04:43]} Nh5 {[%emt 0:02:01]} 12. Kh1 {[%emt 0:11:39]} Bd6 {[%emt 0:10:15]} 13. Rg1 {[%emt 0:05:41]} g6 {[%emt 0:02:10]} 14. Rad1 $15 {[%emt 0:05:03]} Rd7 {[%emt 0:08:21]} 15. Ng3 {[%emt 0:06:45]} Ng7 {[%emt 0:02:14]} 16. Bg5 {[%emt 0:09:19]} f6 {[%emt 0:08:35]} 17. Bxf6 {[%emt 0:02:28]} Rf8 {[%emt 0:02:03]} 18. Bxg7 {[%emt 0:03:25]} Rxg7 {[%emt 0:00:10]} 19. f4 {[%emt 0:04:16]} exf4 {[%emt 0:05:50]} 20. Nf5 {[%emt 0:00:04]} Rgf7 {[%emt 0:01:08]} 21. Nxd6+ {[%emt 0:00:56]} cxd6 {[%emt 0:00:09]} 22. f3 {[%emt 0:00:28]} Re8 {[%emt 0:02:32]} 23. Rg5 {[%emt 0:02:16]} Re5 {[%emt 0:12:08]} 24. Rdg1 {[%emt 0:04:34]} Rfe7 {[%emt 0:02:49]} 25. R1g4 {[%emt 0:02:24]} Kd7 {[%emt 0:04:37]} 26. Kg2 {[%emt 0:01:53]} Rxg5 {[%emt 0:03:56]} 27. Rxg5 {[%emt 0:00:02]} Re5 {[%emt 0:00:26]} 28. h4 {[%emt 0:01:17]} Re6 {[%emt 0:02:52]} 29. h5 {[%emt 0:02:35]} Re5 {[%emt 0:01:54]} 30. Rxe5 {[%emt 0:02:47]} dxe5 {[%emt 0:00:09]} 31. hxg6 {[%emt 0:01:36]} hxg6 {[%emt 0:00:07]} 32. Kh3 {[%emt 0:00:20]} c5 {[%emt 0:03:26]} 33. Kg4 {[%emt 0:01:27]} Ke6 {[%emt 0:00:09]} 34. Kg5 {[%emt 0:00:45]} Kf7 {[%emt 0:00:11]} 35. c3 {[%emt 0:01:31]} b5 {[%emt 0:03:31]} 36. b4 {[%emt 0:00:47]} cxb4 {[%emt 0:00:50]} 37. cxb4 {[%emt 0:00:02]} Kg7 {[%emt 0:00:46]} 38. d4 {[%emt 0:07:42]} exd4 {[%emt 0:00:14]} 39. Kxf4 {[%emt 0:00:05]} Kf6 {[%emt 0:03:11]} 40. Kg3 {[%emt 0:00:57]} Ke5 {[%emt 0:02:58]} 41. Kf2 {[%emt 0:00:20]} g5 {[%emt 0:01:09]} 42. Ke2 {[%emt 0:00:05]} Kd6 {[%emt 0:00:34]} 43. Kd2 {[%emt 0:02:26]} Ke6 {[%emt 0:00:23]} 44. Kc2 {[%emt 0:02:06]} Kd6 {[%emt 0:00:20]} 45. Kd3 {[%emt 0:01:27]} Ke5 {[%emt 0:00:10]} 46. a3 {[%emt 0:00:53]} Kf4 {[%emt 0:00:05]} 47. Kxd4 {[%emt 0:00:26]} Kxf3 {[%emt 0:00:09]} 48. e5 {[%emt 0:00:04]} g4 {[%emt 0:00:08]} 49. e6 {[%emt 0:00:04]} g3 {[%emt 0:00:06]} 50. e7 {[%emt 0:00:04]} g2 {[%emt 0:00:05]} 51. e8=Q {[%emt 0:00:05]} g1=Q+ {[%emt 0:00:11]} 52. Kd5 {[%emt 0:00:39]} Qd1+ {[%emt 0:00:40]} 53. Kc6 {[%emt 0:02:48]} Qc1+ {[%emt 0:00:11]} 54. Kb6 {[%emt 0:01:00]} Qxa3 {[%emt 0:00:52]} 55. Qa8+ {[%emt 0:00:05]} Ke3 {[%emt 0:00:51]} 56. Qxa6 {[%emt 0:00:07]} Qxb4 {[%emt 0:00:10]} 57. Qxb5 {[%emt 0:00:07]} Qxb5+ {[%emt 0:00:10]} 58. Kxb5 {[%emt 0:00:05]} Kd4 {[%emt 0:04:33]} 1/2-1/2

[Event "1st Spring Festival Weekend 2021"]
[Site "Bassano del Grappa"]
[Date "2021.03.13"]
[Round "3.9"]
[White "Cappelletto, Joshuaede"]
[Black "Buzzatti, Francesco"]
[Result "1-0"]
[WhiteElo "2126"]
[BlackElo "1929"]
[Annotator "NA"]
[PlyCount "117"]
[EventDate "2021.03.12"]
[EventType "swiss"]
[EventCountry "ITA"]
[SourceTitle "playchess.com"]
[Source "ChessBase"]
[SourceQuality "1"]
[TimeControl "5400+30"]

1. e4 {[%emt 0:00:00]} c5 {[%emt 0:08:53]} 2. Nf3 {[%emt 0:00:00]} d6 {[%emt 0:00:15]} 3. d4 {[%emt 0:00:00]} cxd4 {[%emt 0:00:11]} 4. Nxd4 {[%emt 0:00:00]} Nf6 {[%emt 0:00:10]} 5. Nc3 {[%emt 0:00:00]} e5 {[%emt 0:01:46]} 6. Bb5+ {[%emt 0:00:05]} Nbd7 {[%emt 0:03:59]} 7. Nf5 {[%emt 0:00:06]} a6 {[%emt 0:01:45]} 8. Bxd7+ {[%emt 0:00:59]} Qxd7 {[%emt 0:01:52]} 9. Ne3 {[%emt 0:00:48]} b5 {[%emt 0:07:38]} 10. a4 {[%emt 0:06:23]} Bb7 {[%emt 0:07:51]} 11. axb5 {[%emt 0:01:14]} axb5 {[%emt 0:00:57]} 12. Rxa8+ {[%emt 0:00:05]} Bxa8 {[%emt 0:00:09]} 13. Qd3 {[%emt 0:00:37]} Be7 $11 {[%emt 0:12:18]} 14. Ned5 {[%emt 0:18:04]} Bxd5 {[%emt 0:06:14]} 15. Nxd5 {[%emt 0:00:57]} Nxd5 {[%emt 0:01:16]} 16. Qxd5 {[%emt 0:00:06]} O-O {[%emt 0:00:38]} 17. O-O {[%emt 0:00:05]} Rc8 {[%emt 0:01:15]} 18. c3 {[%emt 0:00:04]} Rc5 {[%emt 0:07:26]} 19. Qd3 {[%emt 0:00:20]} Rc8 {[%emt 0:10:01]} 20. Be3 {[%emt 0:00:38]} Ra8 {[%emt 0:00:42]} 21. Qd5 {[%emt 0:00:07]} Qe8 {[%emt 0:00:19]} 22. h3 {[%emt 0:01:49]} g5 {[%emt 0:02:53]} 23. Rd1 {[%emt 0:02:13]} Kg7 {[%emt 0:01:00]} 24. Kh2 {[%emt 0:00:44]} Ra4 {[%emt 0:03:56]} 25. b4 {[%emt 0:01:11]} h5 {[%emt 0:05:49]} 26. Qd2 {[%emt 0:09:56]} Kg6 {[%emt 0:01:49]} 27. Qd5 {[%emt 0:01:58]} Ra3 {[%emt 0:02:53]} 28. Rc1 {[%emt 0:00:18]} Qa8 {[%emt 0:01:38]} 29. Qxb5 {[%emt 0:05:13]} Qxe4 {[%emt 0:00:18]} 30. Qd7 {[%emt 0:00:07]} Bf6 {[%emt 0:01:51]} 31. Qxd6 {[%emt 0:00:11]} g4 {[%emt 0:00:26]} 32. Qd2 {[%emt 0:11:41]} Ra8 {[%emt 0:02:49]} 33. Qc2 {[%emt 0:00:08]} Kf5 {[%emt 0:00:06]} 34. c4 {[%emt 0:05:34]} gxh3 {[%emt 0:00:26]} 35. Kxh3 {[%emt 0:00:16]} Rg8 {[%emt 0:00:23]} 36. b5 {[%emt 0:00:36]} Rg4 {[%emt 0:01:28]} 37. Qxe4+ {[%emt 0:00:04]} Rxe4 {[%emt 0:00:24]} 38. b6 {[%emt 0:00:31]} Bd8 {[%emt 0:01:15]} 39. b7 {[%emt 0:02:24]} Rh4+ {[%emt 0:00:30]} 40. Kg3 {[%emt 0:00:06]} Rg4+ {[%emt 0:00:34]} 41. Kh2 {[%emt 0:00:06]} Bc7 {[%emt 0:00:04]} 42. Bb6 {[%emt 0:02:20]} Bb8 {[%emt 0:00:31]} 43. Rd1 {[%emt 0:03:15]} Rxc4 {[%emt 0:01:45]} 44. Rd7 {[%emt 0:01:10]} e4+ {[%emt 0:00:56]} 45. g3 {[%emt 0:01:27]} f6 {[%emt 0:01:08]} 46. Rd5+ {[%emt 0:01:56]} Kg4 {[%emt 0:00:56]} 47. Rd8 {[%emt 0:00:33]} Be5 {[%emt 0:01:11]} 48. b8=Q {[%emt 0:00:35]} Bxb8 {[%emt 0:00:06]} 49. Rxb8 {[%emt 0:00:04]} Kf3 {[%emt 0:01:17]} 50. Rf8 {[%emt 0:01:40]} Ke2 {[%emt 0:00:31]} 51. Rxf6 {[%emt 0:00:12]} h4 {[%emt 0:00:13]} 52. gxh4 {[%emt 0:00:13]} e3 {[%emt 0:00:06]} 53. Kg3 {[%emt 0:01:03]} exf2 {[%emt 0:00:30]} 54. Rxf2+ {[%emt 0:00:06]} Kd3 {[%emt 0:00:03]} 55. Rf3+ {[%emt 0:00:07]} Ke2 {[%emt 0:00:07]} 56. Re3+ {[%emt 0:00:25]} Kd2 {[%emt 0:00:07]} 57. Re6 {[%emt 0:00:08]} Kd3 {[%emt 0:00:14]} 58. h5 {[%emt 0:00:06]} Re4 {[%emt 0:00:26]} 59. Rxe4 {[%emt 0:00:07]} 1-0

[Event "1st Spring Festival Weekend 2021"]
[Site "Bassano del Grappa"]
[Date "2021.03.13"]
[Round "3.10"]
[White "Pegno, Mattia"]
[Black "Rindone, Andrea"]
[Result "1/2-1/2"]
[WhiteElo "1930"]
[BlackElo "2114"]
[Annotator "NA"]
[PlyCount "92"]
[EventDate "2021.03.12"]
[EventType "swiss"]
[EventCountry "ITA"]
[SourceTitle "playchess.com"]
[Source "ChessBase"]
[SourceQuality "1"]
[TimeControl "5400+30"]

1. e4 {[%emt 0:00:00]} c5 {[%emt 0:01:40]} 2. Nf3 {[%emt 0:00:00]} d6 {[%emt 0:00:02]} 3. d4 {[%emt 0:00:53]} Nf6 {[%emt 0:01:04]} 4. Nc3 {[%emt 0:00:12]} cxd4 {[%emt 0:00:03]} 5. Nxd4 {[%emt 0:00:09]} a6 {[%emt 0:00:19]} 6. Be2 {[%emt 0:01:01]} e5 {[%emt 0:00:24]} 7. Nb3 {[%emt 0:00:07]} Be6 {[%emt 0:00:09]} 8. O-O {[%emt 0:00:10]} Be7 {[%emt 0:00:16]} 9. Be3 {[%emt 0:03:16]} O-O {[%emt 0:00:19]} 10. Qd2 {[%emt 0:02:05]} Nbd7 {[%emt 0:01:51]} 11. a4 {[%emt 0:06:28]} Nb6 {[%emt 0:11:13]} 12. Na5 {[%emt 0:15:19]} d5 $11 {[%emt 0:23:35]} 13. Bxb6 {[%emt 0:15:03]} Qxb6 {[%emt 0:00:12]} 14. exd5 {[%emt 0:03:10]} Rfd8 {[%emt 0:03:25]} 15. Nc4 {[%emt 0:04:56]} Qc7 {[%emt 0:02:34]} 16. Qe3 {[%emt 0:13:27]} Nxd5 {[%emt 0:18:22]} 17. Nxd5 {[%emt 0:04:15]} Bxd5 {[%emt 0:01:33]} 18. Qxe5 {[%emt 0:05:24]} Qc6 {[%emt 0:17:41]} 19. Qxe7 {[%emt 0:08:00]} Re8 {[%emt 0:01:03]} 20. Ne5 {[%emt 0:03:08]} Qxc2 {[%emt 0:05:43]} 21. Qd6 {[%emt 0:03:01]} Rad8 {[%emt 0:03:53]} 22. Nd7 {[%emt 0:00:36]} Qf5 {[%emt 0:04:22]} 23. Rfe1 {[%emt 0:07:15]} Be6 {[%emt 0:01:14]} 24. Bd3 {[%emt 0:01:43]} Qa5 {[%emt 0:00:31]} 25. Nf6+ {[%emt 0:00:59]} gxf6 {[%emt 0:00:20]} 26. Qg3+ {[%emt 0:00:52]} Qg5 {[%emt 0:00:34]} 27. Re3 {[%emt 0:00:38]} Qxg3 {[%emt 0:00:30]} 28. hxg3 {[%emt 0:00:59]} f5 {[%emt 0:00:32]} 29. Rae1 {[%emt 0:00:08]} Kf8 {[%emt 0:00:34]} 30. f3 {[%emt 0:00:57]} Bd7 {[%emt 0:00:25]} 31. a5 {[%emt 0:00:37]} Rxe3 {[%emt 0:00:24]} 32. Rxe3 {[%emt 0:00:05]} Be6 {[%emt 0:00:32]} 33. Kf2 {[%emt 0:00:51]} Rd5 {[%emt 0:00:27]} 34. b4 {[%emt 0:00:31]} Rd4 {[%emt 0:00:35]} 35. b5 {[%emt 0:00:11]} axb5 {[%emt 0:00:06]} 36. Bxb5 {[%emt 0:00:07]} Rd5 {[%emt 0:00:59]} 37. Bc4 {[%emt 0:00:34]} Rxa5 {[%emt 0:00:24]} 38. Bxe6 {[%emt 0:00:06]} fxe6 {[%emt 0:00:05]} 39. Rxe6 {[%emt 0:00:07]} Rb5 {[%emt 0:00:36]} 40. Ke3 {[%emt 0:00:42]} Kf7 {[%emt 0:00:05]} 41. Rh6 {[%emt 0:00:07]} Kg7 {[%emt 0:00:33]} 42. Rd6 {[%emt 0:00:06]} Rb4 {[%emt 0:01:17]} 43. Rd8 {[%emt 0:01:45]} b5 {[%emt 0:00:28]} 44. Rd6 {[%emt 0:00:55]} Kf7 {[%emt 0:00:33]} 45. Rb6 {[%emt 0:00:08]} Kg7 {[%emt 0:01:03]} 46. Rc6 {[%emt 0:01:17]} Kf7 {[%emt 0:00:30]} 1/2-1/2

[Event "1st Spring Festival Weekend 2021"]
[Site "Bassano del Grappa"]
[Date "2021.03.14"]
[Round "4.1"]
[White "Niemann, Hans Moke"]
[Black "Checa, Nicolas"]
[Result "0-1"]
[WhiteElo "2526"]
[BlackElo "2546"]
[Annotator "TA"]
[PlyCount "64"]
[EventDate "2021.03.12"]
[EventType "swiss"]
[EventCountry "ITA"]
[SourceTitle "playchess.com"]
[Source "ChessBase"]
[SourceQuality "1"]

{[%evp 9,64,50,32,20,48,26,20,18,24,31,31,23,13,31,16,0,14,0,12,18,13,14,13,14,4,0,9,0,0,0,0,0,0,0,0,-7,-10,-37,-33,-26,-51,-36,0,-158,-145,-1138,-1087,-29990,-29991,-29991,-29992,-29992,-29993,-29993,-29994,-29994,-29995]} 1. d4 {Atalik,S} d5 2. c4 c5 3. cxd5 Qxd5 4. Nf3 cxd4 5. Nc3 Qa5 6. Nxd4 {D06: Queen's Gambit: Symmetrical and Baltic Defences.} Nf6 7. g3 {7.g3 scores better than 7.Nb3.} e5 8. Nb3 {The position is equal.} Qc7 9. Bg2 Bb4 10. O-O Bxc3 11. bxc3 {Hoping for Ba3.} O-O $1 12. Bg5 Nbd7 13. c4 {[#]} Rb8 $146 {[%cal Ba8b8,Bb8c8,Bc8c6][%mdl 32]} ({Predecessor:} 13... h6 14. Be3 Nb6 15. c5 Nc4 16. Qc1 Be6 17. Bxh6 gxh6 18. Qxh6 Nh7 19. f4 Ne3 {0-1 (58) Atalik,S (2568)-Ulybin,M (2529) Paracin 2013 CBM 158 [Atalik,S]}) 14. Rc1 b6 15. Qc2 Bb7 16. Bxb7 Qxb7 17. Rfd1 Rbc8 18. Qf5 Rfe8 19. c5 h6 20. Bxf6 Nxf6 21. Rc2 Rc6 22. Rdc1 (22. Rd6 {with more complications.} Rxd6 23. cxd6 Qd5 24. d7 Qxd7 25. Qxd7 Nxd7 26. Rc7) 22... Qc8 23. Qd3 e4 24. Qd1 Rd8 25. Qe1 Rd5 {[%cal Rb6c5]} 26. Kg2 $2 (26. cxb6 $1 $11 Rxc2 27. b7 Rxc1 28. bxc8=Q+ Rxc8 29. e3) 26... Rh5 $17 27. h4 $2 {[%mdl 8192] [#] Now White is beyond hope.} (27. Qg1 $17) 27... Rxh4 $3 $19 {[%mdl 512] ( -> ...Qh3+)} 28. gxh4 (28. Qh1 Rxh1) 28... Qg4+ {Black mates.} 29. Kh2 Qxh4+ 30. Kg2 Nd5 31. Rc3 e3 32. Rxe3 Nxe3+ {Weighted Error Value: White=0.42/Black=0.02} 0-1

[Event "1st Spring Festival Weekend 2021"]
[Site "Bassano del Grappa"]
[Date "2021.03.14"]
[Round "4.3"]
[White "Plat, Vojtech"]
[Black "Martin Duque, Jesus"]
[Result "1-0"]
[WhiteElo "2555"]
[BlackElo "2454"]
[Annotator "TA"]
[PlyCount "93"]
[EventDate "2021.03.12"]
[EventType "swiss"]
[EventCountry "ITA"]
[SourceTitle "playchess.com"]
[Source "ChessBase"]
[SourceQuality "1"]

{[%evp 16,93,0,0,13,3,4,-4,10,12,17,15,16,13,17,15,11,6,10,0,0,0,0,0,12,0,0,0,62,67,64,41,93,93,102,101,99,50,68,43,44,52,85,85,235,220,476,495,482,486,475,459,445,435,412,406,531,529,521,504,497,484,512,502,510,506,502,458,485,483,606,606,604,560,944,869,860,760,1711,1371]} 1. d4 Nf6 2. Nf3 e6 3. e3 b6 4. Bd3 Bb7 5. Nbd2 d5 6. c4 Nbd7 7. O-O Bd6 8. b3 O-O 9. Bb2 Qe7 {E14: Queen's Indian: Classical Variation (4 e3).} 10. Ne5 Ne4 11. f4 (11. Rc1 {with more complications.} Nxe5 12. dxe5 Bb4 13. Nf3 c5 14. Qc2) 11... f6 {The position is equal.} (11... Ndf6 {is interesting.} 12. Rc1 a5 13. Nxe4 Nxe4 14. Qc2 Qe8) 12. Nxd7 Qxd7 {[#]} 13. cxd5 $146 ({Predecessor:} 13. Qc2 f5 14. cxd5 exd5 15. Nf3 Rf6 16. Ne5 Qe8 17. Qe2 Rh6 18. Rac1 {0-1 (43) Hoppe,N (1590)-Kublanow,C (1689) Willingen 2018}) 13... exd5 14. Nxe4 dxe4 15. Bc4+ Kh8 16. f5 Rad8 17. a4 c5 18. Qh5 Qc7 19. Rac1 Qb8 20. Rfd1 (20. Rc2 {is more complex.} Qc7 21. g3 Qe7 22. Qe2 cxd4 23. Bxd4 Ba3 24. a5) 20... cxd4 21. Bxd4 (21. Rxd4 $2 Bc5 $17) 21... Bc5 (21... Ba3 $11) 22. Bxc5 $14 bxc5 23. Rxd8 Qxd8 (23... Rxd8 $14 24. Rd1 h6) 24. Rd1 $16 Qc7 25. Rd2 Bc8 26. Be6 $40 {[%mdl 128] Black needs to defend precisely.} (26. Kf1 {looks sharper.} h6 27. Kf2 Bd7 28. Qh3 Qc8 29. Rd5) 26... Qe7 27. Bxc8 Rxc8 $14 {[%mdl 4096] Endgame KQR-KQR} 28. Qd1 h6 29. Rd7 Qe5 {[#] Black cannot hold the game after this.} (29... Qf8 $16 {is a better defense.}) 30. Rxg7 $3 $18 {[%mdl 512]} Qc3 $2 {[#]} (30... Qxf5 31. Rxa7 Qg5) 31. Rh7+ $3 {[%mdl 576] Decoy} Kxh7 32. Qd7+ {[%mdl 64] Double Attack} Kg8 {[%cal Rc3e1]} 33. Qxc8+ {KQ-KQ} Kf7 {[%cal Rc3e1]} 34. Qb7+ {[%mdl 64] Double Attack} Kf8 {[%cal Rc3e1]} 35. Qa8+ Kf7 {[%cal Rc3e1]} 36. Qxa7+ {White is clearly winning.} Kf8 {[%cal Rc3e1]} 37. Qa8+ Kg7 {[%cal Rc3e1]} 38. Qb7+ Kf8 {[%cal Rc3e1]} 39. Qc8+ Kg7 {[%cal Rc3e1]} 40. Qd7+ Kf8 {[%cal Rc3e1]} 41. Qd8+ Kf7 {[%cal Rc3e1]} 42. Qd5+ Kf8 {[%cal Rc3e1]} 43. Kf2 h5 44. Qa8+ Kg7 45. Qxe4 Qb2+ 46. Kf3 Qa1 47. Kg3 {Weighted Error Value: White=0.06/Black=0.26} 1-0

[Event "1st Spring Festival Weekend 2021"]
[Site "Bassano del Grappa"]
[Date "2021.03.14"]
[Round "4.4"]
[White "Sonis, Francesco"]
[Black "Shetty, Atulya"]
[Result "1-0"]
[WhiteElo "2477"]
[BlackElo "2447"]
[Annotator "TA"]
[PlyCount "157"]
[EventDate "2021.03.12"]
[EventType "swiss"]
[EventCountry "ITA"]
[SourceTitle "playchess.com"]
[Source "ChessBase"]
[SourceQuality "1"]

{[%evp 15,157,39,34,0,29,0,0,0,0,-14,-7,-12,0,-26,-29,-21,-21,-29,-22,-33,14,6,8,13,19,15,11,-7,-7,-7,-7,-7,0,0,-5,-3,63,65,54,48,332,342,342,330,369,369,369,369,369,369,386,386,396,396,396,386,397,397,396,396,397,397,397,397,397,396,397,386,420,397,422,420,602,397,627,424,863,465,442,427,422,397,397,265,266,259,259,237,397,397,397,397,397,397,397,397,397,397,397,313,318,311,370,304,397,397,397,362,335,335,428,428,1332,1145,1170,1040,1022,975,916,867,827,827,29977,29978,29978,29979,29983,29984,29985,29977,29984,29985,29985,29981,29981,29981,29982,29983,29983,29984,29984,29984,29985,29982]} 1. d4 d5 2. c4 c6 3. Nf3 Nf6 4. e3 a6 5. Nc3 g6 6. Be2 Bg7 7. O-O O-O 8. a4 a5 9. Qb3 {9.Qb3 has become a bit dusty these days. D94: Grünfeld: 4 Nf3 Bg7 5 e3.} b6 10. Bd2 e6 11. Rfd1 {The position is equal.} Nbd7 12. Rac1 Qe7 13. Be1 Bb7 {[#]} 14. Qc2 $146 ({Predecessor:} 14. c5 Rfb8 15. cxb6 Qb4 16. Qxb4 axb4 17. Na2 b3 18. Nc3 Nxb6 19. Ra1 Ne4 20. a5 Nxc3 21. Bxc3 {1-0 (46) Lauber,A (2424)-Ottstadt,R (2184) Hamburg 2001}) 14... Rac8 15. Qb1 Rfd8 16. cxd5 exd5 17. Bd3 Nf8 18. Ne2 Ne6 19. b4 axb4 20. Bxb4 Qc7 21. Ba3 Ra8 22. Nc3 {[%cal Be2c3,Bc3b5,Bb5d4][%mdl 32]} c5 23. Nb5 Qc8 24. dxc5 bxc5 25. Nfd4 Rxa4 (25... Nxd4 $11 26. Nxd4 c4) 26. Nxe6 $14 Qxe6 27. Bxc5 {Nc7 is the strong threat.} d4 $2 {[%mdl 8192] Black cannot hold the game after this.} (27... Ng4 $14) 28. Nxd4 $18 {[%mdl 64] Discovered Attack} Qd5 {[%csl Gb7][%cal Rd5g2]} 29. Nf3 Raa8 {[#] If Black can now play ...Ne4 this consolidates a bit.} 30. Bxg6 {[%mdl 512]} hxg6 (30... Qxd1+ 31. Rxd1) 31. Rxd5 Bxd5 32. Bd4 Bxf3 33. gxf3 Ne8 34. Bxg7 Nxg7 35. Qe4 Ra5 36. Qe7 Re8 37. Qd7 Raa8 38. Rc7 Rf8 39. f4 Rad8 40. Qg4 Rfe8 41. h4 Rb8 42. Kg2 Red8 43. Kf3 Ne6 (43... Rf8 $142 44. Rc5 Kh8) 44. Ra7 Ng7 (44... Rd5 $142 45. Qg1 Rh5) 45. Qg5 Rd2 (45... Rf8 $142 46. Rd7 Ne6) 46. Qf6 Rf8 47. Rb7 Rd5 48. Re7 Rf5 49. Qb6 Rh5 50. Rb7 Rxh4 51. Rb8 {Hoping for Rxf8+.} Rxb8 (51... Ne6 {was necessary.} 52. Rb7 Rh3+ 53. Kg4 Rh2) 52. Qxb8+ {[%mdl 4096] Endgame KQ-KRN} Kh7 53. Qf8 f5 54. Qe7 Rh1 55. Kg2 Rb1 56. f3 Rb6 57. Kf2 Re6 58. Qf7 Re8 59. Qb7 Rf8 60. Kg2 Kg8 61. Kg3 Kh7 62. e4 Kh6 63. Qe7 Re8 (63... Ra8 $142 64. Kf2 Kh7) 64. Qh4+ Nh5+ 65. Kf2 Rf8 66. Qe7 Rf6 67. e5 Ra6 68. e6 Nxf4 69. Qf8+ {White mates.} Kg5 70. Qd8+ Kh6 71. e7 Ra2+ 72. Ke1 Ra1+ 73. Kd2 Ra2+ 74. Kd1 Ra1+ {[#]} 75. Kc2 $1 Ra2+ 76. Kb3 Re2 77. e8=Q Rxe8 78. Qxe8 g5 79. Qf7 {Weighted Error Value: White=0.25/Black=0.33} 1-0

[Event "1st Spring Festival Weekend 2021"]
[Site "Bassano del Grappa"]
[Date "2021.03.14"]
[Round "4.5"]
[White "Bordignon, Angelo"]
[Black "Solomon, Kenny"]
[Result "0-1"]
[WhiteElo "2061"]
[BlackElo "2357"]
[Annotator "TA"]
[PlyCount "78"]
[EventDate "2021.03.12"]
[EventType "swiss"]
[EventCountry "ITA"]
[SourceTitle "playchess.com"]
[Source "ChessBase"]
[SourceQuality "1"]

{[%evp 16,78,-32,-49,35,13,27,28,35,19,47,48,48,-16,-19,-104,-102,-93,-93,-93,-100,-99,-60,-66,-93,-89,-41,-56,83,82,90,80,136,0,0,0,0,-169,-162,-191,-181,-233,-245,-236,-233,-384,-308,-433,-452,-430,-454,-433,-447,-436,-421,-547,-553,-518,-492,-518,-513,-530,-492,-985,-704]} 1. d4 Nf6 2. c4 e6 3. Nc3 Bb4 4. f3 c5 5. a3 Bxc3+ 6. bxc3 Nc6 7. e4 d6 8. Be3 b6 9. Bd3 e5 {E24: Nimzo-Indian: Sämisch: Unusual Black 5th moves and 5...c5 sidelines.} (9... O-O $15) 10. Ne2 O-O 11. d5 Na5 {White has an edge.} 12. Ng3 Ne8 13. O-O {[#]} Qh4 $146 ({Predecessor:} 13... Ba6 14. Qe2 Qd7 15. a4 g6 16. f4 exf4 17. Bxf4 Ng7 18. Qf3 Rae8 19. Bh6 f6 {0-1 (84) Wiedermann,D (2048)-Wohlfahrt,H (2285) Playchess.com INT 2020}) 14. f4 (14. Nf5 $14 Bxf5 15. exf5) 14... Nf6 $11 15. Kh1 (15. Qe1 $11) 15... Ng4 $1 $17 {[%csl Gg4][%cal Rh4h2]} 16. Bg1 exf4 $1 17. Rxf4 Qg5 18. Qf1 g6 19. Be2 Ne5 20. Be3 Qe7 21. Rf6 $1 Nd7 (21... Bg4 $15 {stays ahead.} 22. Bg5 Bxe2 23. Qxe2 Qd7) 22. Bg5 $1 $16 Qe5 (22... Nxf6 $2 23. Bxf6 Qxf6 24. Qxf6 $18) 23. Bh4 Kg7 {[#]} ({Not} 23... Nxf6 $2 24. Bxf6 Nb3 25. Bxe5 $18) (23... Qxc3 $142 24. Rxd6 Nb3) 24. Rf2 ({White should try} 24. Nf5+ $1 $16 {[%mdl 512]} gxf5 25. Rxf5 Qxe4 26. Rf4) 24... f6 $1 $11 25. Bg4 Qe7 $1 $36 {[%mdl 2048] Black has some pressure.} 26. Ne2 $2 (26. Qe2 $1 $11 {and White is okay.}) 26... Nxc4 $19 {Threatens to win with ...Ne3.} 27. Be6 {[#]} Nd2 $1 {[%cal Rd2f1]} 28. Qd1 (28. Qe1 {is a better defense.} Nxe4 29. Rf1) 28... Nxe4 29. Rf1 Ba6 30. Bxd7 $2 (30. Re1) 30... Qxd7 31. Nf4 (31. Qc2 $142) 31... Bxf1 {Black is clearly winning.} 32. Ne6+ Kg8 33. Qxf1 Rf7 34. Qd3 f5 35. g4 c4 36. Qxc4 {If White can now play gxf5 this consolidates a bit.} Nc5 37. Re1 Re8 38. Kg2 Qa4 39. Nxc5 (39. Qxa4 $142 Nxa4 40. c4) 39... Qc2+ {Weighted Error Value: White=0.48/Black=0.18} 0-1